000 00636nam a2200229 a 4500
001 18836
003 BD-RjUL
005 20211209000336.0
008 140222r19581921enk 000 1 eng u
035 _a(BD-RjUL)18894
040 _aCLE
_cCLE
_dBD-RjUL
_beng
041 _aeng
082 _a863.7
_bHUC 1958
100 1 _aHuxley, Aldous,
_d1894-1963.
_958093
245 1 0 _aCrome yellow /
_cby Aldous Huxley
260 _aLondon :
_bChatto & Windus,
_c1921 [Reprinted 1958]
300 _a325 p. :
_c20 cm.
650 _2 Intellectuals -- Fiction.
650 _2 Electronic books
650 _2FICTION / General
942 _2ddc
_cBK
999 _c18836
_d18836